Normal view
MARC view
Entry Topical Term
001 - CONTROL NUMBER
- control field: 9000
003 - CONTROL NUMBER IDENTIFIER
- control field: BD-RjUL
005 - DATE AND TIME OF LATEST TRANSACTION
- control field: 20230916151415.0
008 - FIXED-LENGTH DATA ELEMENTS
- fixed length control field: 230916|| aca||aabn | a|a d
040 ## - CATALOGING SOURCE
- Original cataloging agency: BD-RjUL
- Transcribing agency: BD-RjUL
150 ## - HEADING--TOPICAL TERM
- Topical term or geographic name entry element: Potato
- Form subdivision: Plant Crops
- General subdivision: Food and Drink
670 ## - SOURCE DATA FOUND
- Source citation: Work cat.: (BD-RjUL)81923: Rashid, Mohammad Harun-Or 8999, Biotechnological Approaches to Improve abiotic Stress Tolerance in Potato (Solanum Tuberosum L.) /, 2019